000
00312nam a22001457a 4500
008
210308b ||||| |||| 00| 0 eng d
020
_a
0713135212
041
_a
eng
080
_a
510
082
_a
510
100
_a
36
101
_a
MAT
245
_a
Basic Numerical Methods
_c
Scraton,E.R
942
_2
udc
_c
BK
999
_c
55981
_d
55981